Horse Breed to Country - Statistics

General Stats
  • This quiz has been taken 89 times
  • The average score is 16 of 21
Answer Stats
Breed Country % Correct
American paint horse United States
100%
Selle français France
100%
Belgian horse Belgium
99%
Mongolian horse Mongolia
93%
Dutch warmblood Netherlands
92%
Welsh cob United Kingdom
87%
American quarter horse United States
86%
Tennessee walking horse United States
86%
Shetland pony United Kingdom
85%
Fjord horse Norway
82%
Holsteiner Germany
77%
Morgan horse United States
77%
Thoroughbred United Kingdom
76%
Clydesdale United Kingdom
76%
Hanoverian Germany
75%
Appaloosa United States
73%
Andalusian horse Spain
70%
Andalusion Spain
66%
Percheron France
63%
Friesian Netherlands
59%
Akhal-teke Turkmenistan
15%
No matching quizzes found
Score Distribution
Percent of People with Each Score
Percentile by Number Answered
Your Score History
You have not taken this quiz